Statistiken für Flaggen von Europa mit drei Streifen

Klicken Sie hier um das Quiz zu spielen!

Allgemein

  • Dieses Quiz wurde 11.061 mal gespielt
  • Das Durchschnittsergebnis liegt bei 14 aus 15

Antwortstatistiken

Land% Korrekt
Frankreich
100%
Italien
99%
Belgien
98%
Deutschland
98%
Irland
95%
Österreich
95%
Estland
93%
Niederlande
93%
Rumänien
91%
Russland
91%
Lettland
90%
Luxemburg
87%
Bulgarien
85%
Litauen
82%
Ungarn
79%

Verteilung der Resultate

Perzentil nach korrekt beantworteten Fragen

Anzahl Personen mit jedem Resultat

Ihre Resultats-Entwicklung

Sie haben dieses Quiz noch nicht gespielt